| Tag |
First Indicator |
Second Indicator |
Subfields |
| LEADER |
00000cas a2200000 a 4500 |
| 001 |
in00000096632 |
| 005 |
20150924084747.0 |
| 008 |
811218d19811985nyuar1 i 0uuua0eng d |
| 010 |
|
|
|a 81017005
|
| 012 |
|
|
|a 2
|b 3
|i 8705
|k 1
|
| 019 |
|
|
|a 8058740
|a 8063870
|a 8331081
|a 9794856
|a 7815136
|
| 022 |
0 |
|
|a 0000-0663
|
| 035 |
|
|
|a (OCoLC)08008221
|
| 035 |
|
|
|9 AAK8763AM
|
| 037 |
|
|
|b R.R. Bowker Co., 1180 Avenue of the Americas, New York, N.Y. 10036
|
| 040 |
|
|
|a IUL
|c IUL
|d DLC
|d NSD
|d NST
|d DLC
|d NST
|d RCS
|d OCL
|d NST
|d HUL
|d NST
|d OCL
|d NST
|d IUL
|d TXA
|d UtOrBLW
|
| 042 |
|
|
|a lc
|a nsdp
|
| 043 |
|
|
|a n-us---
|a n-cn---
|
| 049 |
|
|
|a TXAE [Latest] [Ed:Ref]
|
| 050 |
0 |
0 |
|a Z1220
|b .A87
|
| 082 |
0 |
|
|a 015.73
|
| 210 |
0 |
|
|a Assoc. publ. print
|
| 222 |
|
0 |
|a Associations' publications in print
|
| 245 |
0 |
0 |
|a Associations' publications in print.
|
| 264 |
|
1 |
|a New York :
|b Bowker,
|c 1981-1985.
|
| 300 |
|
|
|a 9 volumes ;
|c 29 cm.
|
| 310 |
|
|
|a Annual
|
| 336 |
|
|
|a text
|b txt
|2 rdacontent
|
| 337 |
|
|
|a unmediated
|b n
|2 rdamedia
|
| 338 |
|
|
|a volume
|b nc
|2 rdacarrier
|
| 362 |
0 |
|
|a 1981-1984/1985.
|
| 515 |
|
|
|a Issued in two vols. per year, 1981-1983; three vols. per year, 1984/1985.
|
| 651 |
|
0 |
|a United States
|v Imprints
|x Indexes.
|
| 651 |
|
0 |
|a Canada
|v Imprints
|x Indexes.
|
| 650 |
|
0 |
|a Associations, institutions, etc.
|x Indexes.
|
| 650 |
|
0 |
|a Societies
|x Indexes.
|
| 999 |
|
|
|a MARS
|
| 999 |
f |
f |
|s 6997efc5-12c7-3701-ab3f-2d14fec96720
|i d582d84a-7553-3fd6-8431-8bc892033553
|t 0
|
| 952 |
f |
f |
|p ric
|a Texas A&M University
|b Rellis Campus
|c Joint Library Facility
|d Remote Storage
|t 0
|e Z1220 .A87
|h Library of Congress classification
|i unmediated -- volume
|k 1981:v.2
|m A14806021954
|
| 952 |
f |
f |
|p ric
|a Texas A&M University
|b Rellis Campus
|c Joint Library Facility
|d Remote Storage
|t 0
|e Z1220 .A87
|h Library of Congress classification
|i unmediated -- volume
|k 1984/1985:v.3
|m A14808840388
|
| 952 |
f |
f |
|p ric
|a Texas A&M University
|b Rellis Campus
|c Joint Library Facility
|d Remote Storage
|t 0
|e Z1220 .A87
|h Library of Congress classification
|i unmediated -- volume
|k 1984/1985:v.1
|m A14808840508
|
| 952 |
f |
f |
|p ric
|a Texas A&M University
|b Rellis Campus
|c Joint Library Facility
|d Remote Storage
|t 0
|e Z1220 .A87
|h Library of Congress classification
|i unmediated -- volume
|k 1984/1985:v.2
|m A14808840443
|
| 952 |
f |
f |
|p ric
|a Texas A&M University
|b Rellis Campus
|c Joint Library Facility
|d Remote Storage
|t 0
|e Z1220 .A87
|h Library of Congress classification
|i unmediated -- volume
|k 1983:v.1
|m A14807569688
|
| 952 |
f |
f |
|p ric
|a Texas A&M University
|b Rellis Campus
|c Joint Library Facility
|d Remote Storage
|t 0
|e Z1220 .A87
|h Library of Congress classification
|i unmediated -- volume
|k 1981:v.1
|m A14806021946
|
| 952 |
f |
f |
|p ric
|a Texas A&M University
|b Rellis Campus
|c Joint Library Facility
|d Remote Storage
|t 0
|e Z1220 .A87
|h Library of Congress classification
|i unmediated -- volume
|k 1983:v.2
|m A14807569743
|
| 998 |
f |
f |
|a Z1220 .A87
|s 1981,1983-1984/1985
|t 0
|l Remote Storage
|